[Event "Australian op"]
[Site "Brisbane"]
[Date "2017.01.03"]
[Round "2"]
[White "Hathiramani, Dillon"]
[Black "Lilly, Richard"]
[Result "1/2-1/2"]
[WhiteElo "1903"]
[BlackElo "1747"]
[PlyCount "64"]
[EventDate "2017.01.02"]
[EventType "swiss"]
[EventRounds "11"]
[EventCountry "AUS"]
[SourceTitle "CBM 176 Extra"]
[Source "ChessBase"]
[SourceDate "2017.03.02"]
[SourceVersion "1"]
[SourceVersionDate "2017.03.02"]
[SourceQuality "1"]

1. e4 e6 2. d4 d5 3. Nd2 dxe4 4. Nxe4 Nd7 5. Nf3 Ngf6 6. Nxf6+ Nxf6 7. Bg5 Be7 8. Bd3 0-0 9. Qe2 c5 10. 0-0-0 cxd4 11. Kb1 Nd5 12. Bxe7 Qxe7 13. Qe4 Nf6 14. Qh4 h6 15. Nxd4 Nd5 16. Qe4 Nf6 17. Qe5 Bd7 18. Rhe1 Rac8 19. Qg3 Qc5 20. Nb3 Qc7 21. Qh4 Bc6 22. Re3 Kh8 23. g4 Qf4 24. Rg1 Ne4 25. Rf1 a5 26. a4 Ng5 27. Qg3 Qxa4 28. f4 Ne4 29. Qh4 f6 30. Qe1 f5 31. Rg1 Qb4 32. Qxb4 axb4 1/2-1/2

[Event "Perth Metro Club-ch"]
[Site "Perth"]
[Date "2012.02.16"]
[Round "2"]
[White "Lilly, Richard"]
[Black "Viswanath, Ganesh"]
[Result "1-0"]
[WhiteElo "1847"]
[BlackElo "1991"]
[PlyCount "71"]
[EventDate "2012.02.09"]
[EventType "tourn"]
[EventRounds "9"]
[EventCountry "AUS"]
[SourceTitle "EXT 2013"]
[Source "ChessBase"]
[SourceDate "2012.11.22"]
[SourceVersion "1"]
[SourceVersionDate "2012.11.22"]
[SourceQuality "1"]

1. c4 g6 2. g3 Bg7 3. Bg2 e5 4. Nc3 d6 5. d3 f5 6. f4 Nf6 7. Nf3 Nc6 8. 0-0 0-0 9. Nd5 Ne7 10. Nxf6+ Bxf6 11. fxe5 dxe5 12. Bh6 Bg7 13. Bxg7 Kxg7 14. Kh1 Nc6 15. Qb3 g5 16. Qc3 Qf6 17. e3 g4 18. Nh4 Ne7 19. Rf2 c5 20. Raf1 Qd6 21. e4 Nc6 22. exf5 Rf6 23. Qd2 h6 24. Qe2 Qd4 25. Be4 Bd7 26. Qxg4+ Kh7 27. Nf3 Qd6 28. Qh3 Rg8 29. a3 Nd4 30. Nh4 Bc6 31. Qg2 Rg5 32. Bxc6 bxc6 33. Qe4 Rg8 34. Ng6 Re8 35. g4 Qb8 36. h4 1-0

[Event "AUS-ch Reserves"]
[Site "Geelong"]
[Date "2011.12.30"]
[Round "4"]
[White "Jack, Martin"]
[Black "Lilly, Richard"]
[Result "1/2-1/2"]
[WhiteElo "1773"]
[BlackElo "1902"]
[PlyCount "50"]
[EventDate "2011.12.27"]
[EventType "swiss"]
[EventRounds "11"]
[EventCountry "AUS"]
[SourceTitle "EXT 2023"]
[Source "ChessBase"]
[SourceDate "2022.10.05"]
[SourceVersion "1"]
[SourceVersionDate "2022.10.05"]
[SourceQuality "1"]

1. e4 e6 2. d4 d5 3. Nd2 dxe4 4. Nxe4 Nd7 5. Nf3 Ngf6 6. Bd3 Nxe4 7. Bxe4 Nf6 8. Bd3 c5 9. 0-0 cxd4 10. Bb5+ Bd7 11. Bxd7+ Qxd7 12. Qxd4 Qxd4 13. Nxd4 Be7 14. h3 0-0 15. c3 Rfd8 16. Re1 Bc5 17. Nb3 Bb6 18. Be3 Bxe3 19. Rxe3 Rd7 20. Ree1 Rad8 21. Kf1 h6 22. g3 Nd5 23. Re4 Nf6 24. Ree1 b6 25. Nd4 Kf8 1/2-1/2

[Event "AUS-ch Major"]
[Site "Cammeray"]
[Date "2010.01.07"]
[Round "5"]
[White "Barisic, Frank"]
[Black "Lilly, Richard"]
[Result "0-1"]
[WhiteElo "1609"]
[BlackElo "1803"]
[PlyCount "117"]
[EventDate "2010.01.02"]
[EventType "swiss"]
[EventRounds "11"]
[EventCountry "AUS"]
[SourceTitle "EXT 2011"]
[Source "ChessBase"]
[SourceDate "2010.11.26"]
[SourceVersion "1"]
[SourceVersionDate "2010.11.26"]
[SourceQuality "1"]

1. e4 e6 2. d4 d5 3. Nc3 Bb4 4. e5 c5 5. a3 cxd4 6. Qxd4 Ba5 7. Bd2 Ne7 8. Bd3 Nbc6 9. Bb5 Bd7 10. Bxc6 bxc6 11. Nf3 0-0 12. 0-0 Bb6 13. Qg4 c5 14. Bg5 Qe8 15. Bf6 Ng6 16. Bg5 Bc6 17. h4 Bc7 18. Rfe1 Qb8 19. Rab1 Nxe5 20. Nxe5 Bxe5 21. Be7 Re8 22. Bxc5 f5 23. Qh3 Qc7 24. Ne2 Bd7 25. Bd4 Bd6 26. Qc3 Qxc3 27. Bxc3 Rac8 28. Rbc1 e5 29. Bb4 Bxb4 30. axb4 Rc4 31. c3 a6 32. Ra1 Bb5 33. g3 Kf7 34. b3 Rc6 35. Rac1 h6 36. f3 Rec8 37. Kf2 Kf6 38. Red1 Ke6 39. Re1 Bxe2 40. Rxe2 Rxc3 41. Rxc3 Rxc3 42. Ra2 Rc6 43. Ra5 Rb6 44. Ke2 e4 45. f4 d4 46. Kd2 g6 47. Kc2 d3+ 48. Kd2 Kd6 49. Ke3 h5 50. Kd2 Kc7 51. Ke3 Kb7 52. Ra4 Rd6 53. Ra1 Kb6 54. Kd2 Kb5 55. Ra4 e3+ 56. Kd1 d2 57. Ra5+ Kxb4 58. Re5 Rd3 59. Re6 0-1

[Event "AUS-ch Major"]
[Site "Cammeray"]
[Date "2010.01.04"]
[Round "3"]
[White "Lilly, Richard"]
[Black "De Marothy, Maroth"]
[Result "1-0"]
[WhiteElo "1803"]
[BlackElo "1600"]
[PlyCount "93"]
[EventDate "2010.01.02"]
[EventType "swiss"]
[EventRounds "11"]
[EventCountry "AUS"]
[SourceTitle "EXT 2011"]
[Source "ChessBase"]
[SourceDate "2010.11.26"]
[SourceVersion "1"]
[SourceVersionDate "2010.11.26"]
[SourceQuality "1"]

1. d4 Nf6 2. g3 e6 3. Bg2 c5 4. e3 d5 5. Nf3 Nc6 6. 0-0 Ne4 7. Nbd2 f5 8. c4 Nxd2 9. Nxd2 cxd4 10. cxd5 exd5 11. exd4 Be7 12. Nf3 0-0 13. Re1 Bf6 14. Bf4 Qb6 15. Ne5 Be6 16. Nxc6 Qxc6 17. Rc1 Qb6 18. Rc2 Rac8 19. Rce2 Bf7 20. Be5 Bd8 21. Qb1 g6 22. b3 Qb5 23. Rc2 Bb6 24. Qc1 Rxc2 25. Qxc2 Qc6 26. Qd2 Be6 27. Rc1 Qd7 28. a4 Rc8 29. Qh6 Rxc1+ 30. Qxc1 Qe7 31. Qc3 a6 32. b4 Qf7 33. a5 Bd8 34. Qc5 Qd7 35. Bd6 Kf7 36. Bxd5 Be7 37. Bxe6+ Qxe6 38. Bxe7 Qxe7 39. Qxe7+ Kxe7 40. Kf1 Kd6 41. Ke2 Kc6 42. Kd3 Kd5 43. f3 g5 44. h4 h5 45. hxg5 f4 46. gxf4 h4 47. Ke3 1-0

[Event "AUS-ch Major"]
[Site "Cammeray"]
[Date "2010.01.03"]
[Round "2"]
[White "Ren, Jonathan"]
[Black "Lilly, Richard"]
[Result "1/2-1/2"]
[WhiteElo "1397"]
[BlackElo "1803"]
[PlyCount "117"]
[EventDate "2010.01.02"]
[EventType "swiss"]
[EventRounds "11"]
[EventCountry "AUS"]
[SourceTitle "EXT 2011"]
[Source "ChessBase"]
[SourceDate "2010.11.26"]
[SourceVersion "1"]
[SourceVersionDate "2010.11.26"]
[SourceQuality "1"]

1. e4 e6 2. d4 d5 3. Nc3 Bb4 4. exd5 exd5 5. Bd3 Nf6 6. h3 0-0 7. Be3 Re8 8. Nf3 Ne4 9. 0-0 Nxc3 10. bxc3 Bxc3 11. Bxh7+ Kxh7 12. Qd3+ Kg8 13. Qxc3 Nd7 14. Rfe1 c6 15. Qd3 Nf8 16. Bg5 f6 17. Bf4 Be6 18. g4 Qd7 19. Kh2 Bf7 20. Rg1 Bg6 21. Qd2 Be4 22. Rg3 Ne6 23. g5 Bxf3 24. Rxf3 Nxf4 25. Rxf4 fxg5 26. Rg4 Qc7+ 27. Kh1 Re7 28. Qxg5 Rf8 29. f4 Re4 30. Rag1 Rf7 31. f5 Qe7 32. f6 Rxf6 33. Qxg7+ Qxg7 34. Rxg7+ Kf8 35. Rxb7 Rxd4 36. Rxa7 Rf2 37. Rb1 Re4 38. Rb8+ Re8 39. Raa8 Rxb8 40. Rxb8+ Ke7 41. Rb2 d4 42. Kg1 Rd2 43. a4 Kd6 44. Kf1 d3 45. Ke1 Rh2 46. Kd1 dxc2+ 47. Rxc2 Rxh3 48. Ra2 Kc7 49. Kc2 Kb6 50. Ra1 Ka5 51. Kb2 Kb4 52. Kc2 Rh5 53. Kd3 Rd5+ 54. Ke4 Ra5 55. Kd3 Rxa4 56. Rxa4+ Kxa4 57. Kc4 Ka5 58. Kc5 Ka6 59. Kxc6 1/2-1/2

[Event "AUS-ch Major"]
[Site "Parramatta"]
[Date "2008.01.09"]
[Round "9"]
[White "Lilly, Richard"]
[Black "Fell, Lloyd Stanley"]
[Result "1/2-1/2"]
[WhiteElo "1825"]
[BlackElo "1722"]
[PlyCount "85"]
[EventDate "2008.01.02"]
[EventType "swiss"]
[EventRounds "11"]
[EventCountry "AUS"]
[SourceTitle "EXT 2010"]
[Source "ChessBase"]
[SourceDate "2010.11.25"]
[SourceVersion "1"]
[SourceVersionDate "2010.11.25"]
[SourceQuality "1"]

1. d4 Nf6 2. c4 e6 3. Nc3 Bb4 4. e3 b6 5. Bd3 Bb7 6. Nf3 Ne4 7. Qc2 f5 8. 0-0 Bxc3 9. bxc3 0-0 10. Ne1 d6 11. f3 Nf6 12. d5 exd5 13. Bxf5 dxc4 14. Be6+ Kh8 15. Bxc4 Nbd7 16. e4 Nc5 17. Nd3 Nxd3 18. Bxd3 Qe7 19. Ba3 Rae8 20. Rae1 Nd7 21. Bb5 c6 22. Be2 Nc5 23. c4 Rf6 24. Bc1 Rg6 25. Bf4 Ne6 26. Bg3 Nd4 27. Qd2 c5 28. Bd3 Re6 29. Qb2 Qf6 30. Qa1 Nc6 31. Qxf6 gxf6 32. Rd1 Ne5 33. Be2 Ba6 34. Rc1 Kg7 35. Rfd1 Kf8 36. Rd2 Ke7 37. f4 Nf7 38. Bf3 Kf8 39. f5 R6e7 40. Bxd6 Nxd6 41. Rxd6 Kg7 42. Kf2 Bb7 43. Re1 1/2-1/2

[Event "AUS-ch Major"]
[Site "Parramatta"]
[Date "2008.01.08"]
[Round "8"]
[White "Sheldrick, Kevin"]
[Black "Lilly, Richard"]
[Result "1-0"]
[WhiteElo "1978"]
[BlackElo "1825"]
[PlyCount "53"]
[EventDate "2008.01.02"]
[EventType "swiss"]
[EventRounds "11"]
[EventCountry "AUS"]
[SourceTitle "EXT 2010"]
[Source "ChessBase"]
[SourceDate "2010.11.25"]
[SourceVersion "1"]
[SourceVersionDate "2010.11.25"]
[SourceQuality "1"]

1. e4 e6 2. d4 d5 3. Nc3 Bb4 4. e5 c5 5. a3 cxd4 6. axb4 dxc3 7. Qg4 Kf8 8. Nf3 Qc7 9. Bd3 Nd7 10. Qg3 cxb2 11. Bxb2 f5 12. 0-0 Nh6 13. Nd4 Nb6 14. Nb5 Qf7 15. Bd4 Nd7 16. Rxa7 Rxa7 17. Nxa7 Qe8 18. c4 dxc4 19. Bxc4 Nb8 20. Nb5 Nc6 21. Bc5+ Kg8 22. Ra1 Nf7 23. Ra8 Ncxe5 24. Na7 Nxc4 25. Rxc8 Qxc8 26. Nxc8 h6 27. Ne7+ 1-0

[Event "Perth Metro CC-chA"]
[Site "Perth"]
[Date "2006.03.30"]
[Round "8"]
[White "Fedec, John"]
[Black "Lilly, Richard"]
[Result "0-1"]
[WhiteElo "1883"]
[BlackElo "1851"]
[PlyCount "84"]
[EventDate "2006.02.02"]
[EventType "tourn"]
[EventRounds "11"]
[EventCountry "AUS"]
[SourceTitle "EXT 2010"]
[Source "ChessBase"]
[SourceDate "2010.11.25"]
[SourceVersion "1"]
[SourceVersionDate "2010.11.25"]
[SourceQuality "1"]

1. d4 Nf6 2. c4 g6 3. Nc3 d5 4. cxd5 Nxd5 5. e4 Nxc3 6. bxc3 c5 7. Be3 Bg7 8. Bc4 0-0 9. Ne2 Nc6 10. 0-0 cxd4 11. cxd4 b6 12. Bb5 Bb7 13. Qa4 Na5 14. f3 a6 15. Bd3 b5 16. Qd1 Rc8 17. Rc1 Nc6 18. Bb1 Qd6 19. Qd2 Rfd8 20. Rfd1 e6 21. Kh1 Ne7 22. Bc2 Rc7 23. Bf4 e5 24. Bg3 Qb6 25. d5 Nc8 26. Bb3 Nd6 27. Rxc7 Qxc7 28. Bf2 Rc8 29. Rc1 Qd7 30. Be3 f5 31. Rxc8+ Qxc8 32. Qc2 Qxc2 33. Bxc2 fxe4 34. fxe4 a5 35. Bc5 Bf8 36. Nc3 Ba6 37. Bd3 b4 38. Bxa6 bxc3 39. Bd3 Nxe4 40. Bxf8 Nf2+ 41. Kg1 Nxd3 42. Ba3 Kf7 0-1

[Event "Perth Metro CC-chA"]
[Site "Perth"]
[Date "2006.03.09"]
[Round "5"]
[White "Haasse, Adam"]
[Black "Lilly, Richard"]
[Result "1-0"]
[WhiteElo "2021"]
[BlackElo "1851"]
[PlyCount "119"]
[EventDate "2006.02.02"]
[EventType "tourn"]
[EventRounds "11"]
[EventCountry "AUS"]
[SourceTitle "EXT 2010"]
[Source "ChessBase"]
[SourceDate "2010.11.25"]
[SourceVersion "1"]
[SourceVersionDate "2010.11.25"]
[SourceQuality "1"]

1. e4 e6 2. d4 d5 3. e5 c5 4. c3 Nc6 5. Nf3 Qb6 6. a3 c4 7. Be2 f6 8. exf6 Nxf6 9. 0-0 Bd6 10. Nbd2 0-0 11. Qc2 Qc7 12. g3 e5 13. dxe5 Nxe5 14. Nxe5 Bxe5 15. Nf3 Bh3 16. Re1 Ne4 17. Be3 Bf6 18. Rad1 Qf7 19. Nd2 Bf5 20. Nxe4 Bxe4 21. Qd2 Bg5 22. Bg4 h5 23. f3 hxg4 24. fxe4 Bxe3+ 25. Rxe3 dxe4 26. Rxe4 Rad8 27. Rd4 Rxd4 28. Qxd4 a6 29. Qd5 Re8 30. Qxf7+ Kxf7 31. Kf2 b5 32. Rd4 Rh8 33. Kg2 Re8 34. Rf4+ Kg8 35. Kf2 Rd8 36. Ke3 Rd1 37. Rf2 Rd7 38. Rc2 Rf7 39. Kd4 Kh7 40. a4 Kg6 41. Re2 Rf6 42. Kc5 Rf5+ 43. Kb4 Kg5 44. axb5 axb5 45. Re7 Rf2 46. Re5+ Kf6 47. Rxb5 Rxb2+ 48. Kxc4 Rxh2 49. Rd5 Rf2 50. Rd3 Rf3 51. Kd4 g5 52. c4 Ke6 53. c5 Rf1 54. Kc4 Rf3 55. c6 Rf7 56. Kc5 Rf3 57. c7 Rxd3 58. c8Q+ Kf6 59. Qh8+ Ke6 60. Qh6+ 1-0